000 00770nam a2200253Ia 4500
003 OSt
005 20220928125022.0
006 a|||||r|||| 00| 0
007 ta
008 220927b |||||||| |||| 00| 0 eng d
020 _c495
024 _a124633
037 _b2676, 26/09/2014, Vibha Book International
_cTextual
040 _aSDCL
_cSDCL
_beng
041 _2eng
_aeng
082 _aB334, Q3
100 _aHattori Harumi
_9435399
245 0 _aPartial differential equations
_b Methods ,applications and theories
260 _aChennai
_bWorld Scientific
_c2014
300 _axvi;375p.
_ccm.
650 _aMathematics
942 _hB334, Q3
_cTEXL
_2CC
999 _c780481
_d780481